01823nam a2200205Ia 45000010005000000080041000050100009000460410014000550820021000692450138000902600018002283000008002465200006002546300016002606300021002766500039002977000030003367000041003665201210004071204241029s9999 xx 000 0 und d a1113 aEspañol aBU /ED/ 96 UTESA 0aCaracterización de los Recursos Humanos de la Educación Técnico Profesional, Distrito 15-04, Sector Público. Año 2003-2004. aSanto Domingo a109 a4 aFormación aRecursos Humanos aAdministración de la Educación easesoraSang Ben, Miguel  eautoraSantana Segura, Kersis Jeriel aEl presente informe fue el resultado de la investigación realizada en el contexto Institucional del Distrito 15-04, ubicado en la parte Noroeste del Distrito Nacional. Incluyó los Politécnicos Víctor Estrella Liz, Nuestra Señora de los Ángeles Custodios, Escuela Nacional de Artes y Oficios y el Liceo San Pablo Apóstol.Este estudio asumió la Educación Técnico- Profesional que se oferta en la jurisdicción del Distrito 15-04 con énfasis en los recursos humanos que hacen posible el servicio formativo.El informe presenta un análisis con cruce de variables, llegando a descubrir los factores asociados con características esenciales de los cargos, niveles de estudios, los años en servicio y el valor de las horas de trabajo. Técnicamente se estructuró en veintinueve (29) cuadros estadísticos y quince (15) matrices analíticas. En unos y otras se cuantificaron los datos y se agruparon en categorías y sub-categorías definidas.El informe constituye un modelo para la realización de estudios complementarios y para la planificación de, al menos, una política salarial basada en las horas de trabajo y no en la simple asignación relacionada con los cargos.